Zvedavé otázky Richardovi Hympánovi predsedovi ŠK Finesport Prešov

Bibliographic Details
Main Authors: Miroľa, Ján, 1967- (Author, Interviewer), Hympán, Richard (Author)
Format: Article
Language:Slovak
PhysicalDescription:Fotogr.
ISSN:1336-4030
Subjects:
Online Access:www.vecernik.po.sk

MARC

LEADER 00000nab a2200000 a 4500
001 vtls008963575
003 SK-MaSNL
005 20260303070752.0
008 070412c20070201xo dr n 000 00slo
038 |a SVKPOCL 
040 |a SVKPOCL  |b slo  |c AACR2  |e AACR2 
041 |a slo 
044 |a xo  |c SK 
080 |a 796.914  |2 2001 
100 1 |a Miroľa, Ján,  |d 1967-  |4 ivr  |4 aut  |9 95716 
245 1 0 |a Zvedavé otázky Richardovi Hympánovi predsedovi ŠK Finesport Prešov  |c [zhováral sa] (jm) 
300 |a Fotogr. 
610 2 7 |a Finesport (športový klub : Prešov, Slovensko)  |2 svkpocl  |9 1059004 
650 0 7 |a rýchlokorčuľovanie  |2 svkpocl  |9 13978 
651 7 |a Prešov (Slovensko)  |2 svkpocl  |9 17347 
700 1 |a Hympán, Richard  |4 ive  |4 aut  |9 1068641 
773 0 |t Prešovský večerník  |g Roč. XVIII, č. 4129 (1.2.2007), s. 14  |x 1336-4030 
852 |a SVKPO  |b KIS3GCP 
856 4 1 |u www.vecernik.po.sk 
958 |a RG 
999 |c 1756850  |d 1758780